Prioridades de la investigación forestal colaborativa en América Latina : (Registro nro. 170)

Detalles MARC
000 -CABECERA
Campo de control 00913nam a2200241 a 4500
005 - FECHA Y HORA DE LA ULTIMA TRANSACCION
Campo de control 20160524112515.0
008 - ELEMENTOS DE LONGITUD FIJA—INFORMACION GENERAL
Campo de control 140219b1996 io ||||fr|||| 10| 0 spa d
020 ## - ISBN
ISBN 9798764056
040 ## - FUENTE DE CATALOGACIÓN
Agencia catalogadora original CO-BoIAVH
Agencia transcriptora CO-BoIAVH
041 0# - IDIOMA
Código de idioma para texto/pista de sonido o título separado Español
044 ## - PAÍS DE PUBLICACIÓN
País de publicación Colombia
082 04 - NUMERO DE CLASIFICACION DECIMAL DEWEY
Número de clasificación 577.307072
Número del ítem S11p
111 2# - ASIENTO PRINCIPAL--NOMBRE DE REUNION
Nombre de reunión o de jurisdicción como elemento de entrada Consulta Regional
Lugar de la reunión Manaus, Brasil
Fecha de la reunión 1996
9 (RLIN) 47249
245 1# - MENCION DE TITULO
Título Prioridades de la investigación forestal colaborativa en América Latina :
Parte restante del título memorias /
Mención de responsabilidad César Sabogal(coordinador) ; Center for International Forestry Research, Empresa Brasileira de Pesquisa Agropecúaria
260 ## - PUBLICACION, DISTRIBUCION, ETC. (PIE DE IMPRENTA)
Lugar de publicación, distribución, etc. Bogor, Indonesia :
Nombre del editor, distribuidor, etc. CIFOR :
-- Embrapa,
Fecha de publicación, distribución, etc. 1996.
300 ## - DESCRIPCION FISICA
Extensión 116 páginas ;
Dimensiones 22 x 15 cm.
650 06 - ASIENTO SECUNDARIO DE MATERIA - TERMINO TEMATICO
Término temático o nombre geográfico como elemento de entrada Prioridades de investigación
9 (RLIN) 3685
650 06 - ASIENTO SECUNDARIO DE MATERIA - TERMINO TEMATICO
Término temático o nombre geográfico como elemento de entrada Aprovechamiento forestal
9 (RLIN) 47250
650 06 - ASIENTO SECUNDARIO DE MATERIA - TERMINO TEMATICO
Término temático o nombre geográfico como elemento de entrada Ecología forestal
9 (RLIN) 47251
662 ## - ASIENTO SECUNDARIO DE MATERIA - JERARQUIA DEL NOMBRE DE LUGAR(
Jurisdicción política intermedia América Latina
700 ## - ASIENTO SECUNDARIO - NOMBRE PERSONAL
9 (RLIN) 6767
Nombre personal Sabogal, César
Término de relación Coordinador
942 ## - ELEMENTOS ADICIONALES (KOHA)
Tipo de ítem Libro
Sistema de clasificación Dewey Decimal Classification
Existencias
Withdrawn status Lost status Sistema de Clasificación Damaged status No para préstamo Colección Inventariado Ubicación Permanente Ubicación actual Fecha de adquisición Fuente de Valor Valor Total Checkouts Número topográfico Inventario / Código de Barras Date last seen Ejemplar Price effective from Forma de adquisición Tipo de material
    Dewey Decimal Classification     General Inventariado 2017 Bogotá Bogotá 23/12/1997 Instituto 39000.00   LB-577.307072 S11p 000212 04/12/2012 Ej. 1 04/12/2012   Libro